Normal view
MARC view
Entry Topical Term
001 - CONTROL NUMBER
- control field: 227968
003 - CONTROL NUMBER IDENTIFIER
- control field: OSt
005 - DATE AND TIME OF LATEST TRANSACTION
- control field: 20250729165607.0
008 - FIXED-LENGTH DATA ELEMENTS
- fixed length control field: 250729|| aca||aabn | a|a d
040 ## - CATALOGING SOURCE
- Original cataloging agency: OSt
- Transcribing agency: OSt
150 ## - HEADING--TOPICAL TERM
- Topical term or geographic name entry element: Physics
670 ## - SOURCE DATA FOUND
- Source citation: Work cat.: (OSt)237836: ಕೃಷ್ಣಭಟ್ ಅಡ್ಯನಡ್ಕ 227967, ಫಿಸಿಕ್ಸ್ ಮತ್ತು ಐನ್ ಸ್ಟೈನ್, 2007